000 00286nam a2200109Ia 4500
008 220204s9999 xx 000 0 und d
082 _a911.2
_bMON
100 _aMonkhouse, F J
245 0 _aPriniciples of physical geography
260 _aLondon
_bHodder and Stoughton
_c1975
942 _cBK
999 _c25533
_d25533